| 000 | 01008cam a22002774a 4500 | ||
|---|---|---|---|
| 001 | 13357319 | ||
| 003 | OSt | ||
| 005 | 20150408113749.0 | ||
| 008 | 030930s2005 njua 001 0 eng | ||
| 010 | _a 2003066395 | ||
| 020 | _a0131121642 (pbk.) | ||
| 040 |
_aDLC _cDLC _dDLC |
||
| 042 | _apcc | ||
| 050 | 0 | 0 |
_aQA76.3 _b.R455 2005 |
| 082 | 0 | 0 |
_a005.8 _2220 |
| 100 | 1 |
_aRegan, Patrick E. _98451 |
|
| 245 | 1 | 0 |
_aAcing the security+ certification exam / _cPatrick Regan. |
| 250 | _a1st ed. | ||
| 260 |
_aUpper Saddle River, NJ : _bPearson Prentice Hall, _cc2005. |
||
| 300 |
_axix, 490 p. : _bill. ; _c28 cm. + _e1 CD-ROM (4 3/4 in.) |
||
| 650 | 0 |
_aElectronic data processing personnel _xCertification. |
|
| 650 | 0 |
_aComputer networks _xSecurity measures _xExaminations _vStudy guides. _98452 |
|
| 650 | 0 |
_aComputer security _xExaminations _vStudy guides. _98453 |
|
| 942 |
_2ddc _cBOOK |
||
| 999 |
_c3718 _d238218 |
||